An album of fluid motion / (Record no. 30441)
[ view plain ]
| 000 -LEADER | |
|---|---|
| fixed length control field | 01092cam a2200337 i 4500 |
| 001 - CONTROL NUMBER | |
| control field | 244586 |
| 003 - CONTROL NUMBER IDENTIFIER | |
| control field | EG-ScBUE |
| 005 - DATE AND TIME OF LATEST TRANSACTION | |
| control field | 20230523111147.0 |
| 008 - FIXED-LENGTH DATA ELEMENTS--GENERAL INFORMATION | |
| fixed length control field | 821012t1982 caua f b 00110 eng d |
| 020 ## - INTERNATIONAL STANDARD BOOK NUMBER | |
| International Standard Book Number | 0915760037 |
| 020 ## - INTERNATIONAL STANDARD BOOK NUMBER | |
| International Standard Book Number | 0915760029 (pbk.) |
| 035 ## - SYSTEM CONTROL NUMBER | |
| System control number | (OCoLC)ocn687494131 |
| 035 ## - SYSTEM CONTROL NUMBER | |
| System control number | (CStRLIN)CTYG82-B27310 |
| 035 ## - SYSTEM CONTROL NUMBER | |
| System control number | 244586 |
| 040 ## - CATALOGING SOURCE | |
| Original cataloging agency | NIC |
| Language of cataloging | eng |
| Description conventions | rda |
| Transcribing agency | NIC |
| Modifying agency | CtY |
| -- | EG-ScBUE |
| 082 04 - DEWEY DECIMAL CLASSIFICATION NUMBER | |
| Edition number | 22 |
| Classification number | 532.05 |
| Item number | VAN |
| 100 1# - MAIN ENTRY--PERSONAL NAME | |
| Personal name | Van Dyke, Milton, |
| Relator term | author. |
| 245 13 - TITLE STATEMENT | |
| Title | An album of fluid motion / |
| Statement of responsibility, etc | assembled by Milton Van Dyke, Department of Mechanical Engineering, Stanford University. |
| 264 #1 - PUBLICATION, DISTRIBUTION, ETC. (IMPRINT) | |
| Place of publication, distribution, etc | Stanford, California : |
| Name of publisher, distributor, etc | The Parabolic Press, |
| Date of publication, distribution, etc | [1982] |
| 264 #4 - PUBLICATION, DISTRIBUTION, ETC. (IMPRINT) | |
| Date of publication, distribution, etc | c1982 |
| 300 ## - PHYSICAL DESCRIPTION | |
| Extent | 176 pages : |
| Other physical details | illustrations ; |
| Dimensions | 28 cm |
| 336 ## - CONTENT TYPE | |
| Source | rdacontent |
| Content type term | text |
| Content type code | txt |
| 337 ## - MEDIA TYPE | |
| Source | rdamedia |
| Media type term | unmediated |
| Media type code | n |
| 338 ## - CARRIER TYPE | |
| Source | rdacarrier |
| Carrier type term | volume |
| Carrier type code | nc |
| 504 ## - BIBLIOGRAPHY, ETC. NOTE | |
| Bibliography, etc | Includes bibliographical references and index.<br/> |
| 650 #7 - SUBJECT ADDED ENTRY--TOPICAL TERM | |
| Topical term or geographic name as entry element | Fluid dynamics |
| Form subdivision | Pictorial works. |
| Source of heading or term | BUEsh |
| 650 #7 - SUBJECT ADDED ENTRY--TOPICAL TERM | |
| Topical term or geographic name as entry element | Flow visualization. |
| Source of heading or term | BUEsh |
| 653 ## - INDEX TERM--UNCONTROLLED | |
| Resource For college | Generalities |
| 655 ## - INDEX TERM--GENRE/FORM | |
| Form subdivision | Reading book |
| 942 ## - ADDED ENTRY ELEMENTS (KOHA) | |
| Source of classification or shelving scheme | Dewey Decimal Classification |
| Koha item type | Book - Borrowing |
| Withdrawn status | Lost status | Source of classification or shelving scheme | Damaged status | Not for loan | Collection code | Home library | Current library | Shelving location | Date acquired | Source of acquisition | Total Checkouts | Full call number | Barcode | Date last seen | Price effective from | Koha item type |
|---|---|---|---|---|---|---|---|---|---|---|---|---|---|---|---|---|
| Dewey Decimal Classification | Donation-Gift | Central Library | Central Library | First floor | 23/05/2023 | Donation | 532.05 VAN | 000056727 | 15/07/2025 | 23/05/2023 | Book - Borrowing |